|
|
|
|
| LEADER |
00883nam a22001937a 4500 |
| 082 |
|
|
|b PAR/C L5
|a 894.M4
|
| 100 |
|
|
|a പരമേശ്വര൯ പിള്ള വി ആ൪
|9 86302
|
| 100 |
|
|
|a Parameswaran Pillai V R
|9 97702
|
| 240 |
|
|
|a Chintasarani
|
| 245 |
|
|
|a ചിന്താസരണി
|
| 250 |
|
|
|a 1st
|
| 260 |
|
|
|a Trivandrum;
|b Vinod Printers;
|c 1975
|
| 300 |
|
|
|a 180; xvip.
|
| 650 |
|
|
|a മലയാളം; ലേഖനം-ഉപന്യാസം
|9 274640
|
| 650 |
|
|
|a Malayalam; Essays
|9 274641
|
| 942 |
|
|
|c BK
|
| 999 |
|
|
|c 52200
|d 52200
|
| 952 |
|
|
|0 0
|1 0
|4 0
|6 894_000000000000000_M4_PAR_C_L5
|7 0
|8 ESS
|9 61963
|a MAL
|b MAL
|c STAFF
|d 2016-04-19
|e 21425
|g 10.00
|l 0
|o 894.M4 PAR/C L5
|p MAL021425
|r 2016-04-19
|t 1
|w 2016-04-19
|y BK
|
| 952 |
|
|
|0 0
|1 0
|4 0
|6 894_000000000000000_M4_PAR_C_L5
|7 0
|8 ESS
|9 61964
|a MAL
|b MAL
|d 2016-08-11
|e 27425
|g 10.00
|l 0
|o 894.M4 PAR/C L5
|p MAL027425
|r 2016-08-11
|t 2
|w 2016-08-11
|y BK
|